000
00323 a2200157 4500
001
64326
020
_a
9788555340151
040
_c
Anchieta - Pituba
100
_a
Georgakopoulos, Frini
240
1
0
_a
Sou fã
_l
por
245
1
0
_a
Sou fã
300
_a
159
362
0
_a
2016
650
4
_a
Literatura juvenil
942
_c
BK
999
_c
64326
_d
64326